000 00668nam a2200181Ia 4500
008 151018s9999 xx 000 0 und d
082 _bRBASDV17278
_a891.462
100 _aदिनकर नीलकंठ देशपांडे
245 _aआजी गेली देवाघरी
250 _b2
260 _bचंद्रकांत
_c1982
300 _a16
600 _aदिनकर नीलकंठ देशपांडे
630 _aआजी गेली देवाघरी
700 _aदिनकर नीलकंठ देशपांडे
730 _aआजी गेली देवाघरी
942 _cBOOK
999 _c1017961
_d1017958